The real Tripitaka, and other pieces / (Record no. 23590)
[ view plain ]
| 000 -LEADER | |
|---|---|
| fixed length control field | 00749cam a2200265u 4500 |
| 001 - CONTROL NUMBER | |
| control field | 23590 |
| 003 - CONTROL NUMBER IDENTIFIER | |
| rucl marc code | BD-RjUL |
| 005 - DATE AND TIME OF LATEST TRANSACTION | |
| control field | 20211209000940.0 |
| 008 - FIXED-LENGTH DATA ELEMENTS--GENERAL INFORMATION | |
| fixed length control field | 140311s1952 enk 001 0 eng d |
| 035 ## - SYSTEM CONTROL NUMBER | |
| System control number | (BD-RjUL)23655 |
| 040 ## - CATALOGING SOURCE | |
| Original cataloging agency | DLC |
| Transcribing agency | CarP |
| Modifying agency | DLC |
| -- | BD-RjUL |
| Language of cataloging | eng |
| 041 ## - LANGUAGE CODE | |
| Language code of text/sound track or separate title | eng |
| 082 00 - DEWEY DECIMAL CLASSIFICATION NUMBER | |
| Classification number | 922.943 |
| Author mark and year | WAR 1952 |
| 100 1# - MAIN ENTRY--PERSONAL NAME | |
| Personal name | Waley, Arthur. |
| 9 (RLIN) | 20012 |
| 245 14 - TITLE STATEMENT | |
| Title | The real Tripitaka, and other pieces / |
| Statement of responsibility, etc. | Arthur Waley |
| 260 ## - PUBLICATION, DISTRIBUTION, ETC. (IMPRINT) | |
| Place of publication, distribution, etc. | London : |
| Name of publisher, distributor, etc. | Allen and Unwin, |
| Date of publication, distribution, etc. | 1952 |
| 300 ## - PHYSICAL DESCRIPTION | |
| Pagination | 291 p. ; |
| Size | 22 cm. |
| 504 ## - BIBLIOGRAPHY, ETC. NOTE | |
| Bibliography, etc | Includes Index |
| 600 00 - SUBJECT ADDED ENTRY--PERSONAL NAME | |
| Personal name | Xuanzang, |
| Dates associated with a name | approximately 596-664. |
| 650 #0 - SUBJECT ADDED ENTRY--TOPICAL TERM | |
| Topical term or geographic name as entry element | Tales |
| Geographic subdivision | China. |
| 9 (RLIN) | 72621 |
| 942 ## - ADDED ENTRY ELEMENTS (KOHA) | |
| Source of classification or shelving scheme | Dewey Decimal Classification |
| Koha item type | Books |
| 987 ## - LOCAL ROMANIZATION/CONVERSION HISTORY (OCLC) | |
| Romanization/conversion identifier | PINYIN |
| Agency that converted, created or reviewed | DLC |
| Date of conversion or review | 20020924 |
| Status code | c |
| Lost status | Source of classification or shelving scheme | Damaged status | Not for loan | Collection code | Permanent Location | Current Location | Shelving location | Date acquired | Source of acquisition | Cost, normal purchase price | Total Checkouts | Full call number | Date last seen | Copy number | Koha item type |
|---|---|---|---|---|---|---|---|---|---|---|---|---|---|---|---|
| Dewey Decimal Classification | Added to bundle | Non-fiction | Central Library, University of Rajshahi | Central Library, University of Rajshahi | Reading Room | 06/03/1973 | Black Well | 1.75 | 922.943 WAR 1952 | 11/03/2014 | C-1 | Books |